000 00477nam a22001817a 4500
003 CEME
005 20210628205607.0
008 210308b xxu||||| |||| 00| 0 eng d
040 _c.
082 _a621.3815 RAS'D
100 _aRaskin, Charles
_976168
245 _aDesigning with motion handbook design integration software tips and techniques
250 _a5TH
260 _aUSA
_bTECH 80
_c1996
300 _a281P
650 _aMOTION CONTROL
_976169
942 _cBK
_2ddc
999 _c581579
_d581579